<?xml version="1.0" encoding="UTF-8"?>
<collection xmlns="http://www.loc.gov/MARC21/slim">
 <record>
  <leader>03031nam a2200385 a 4500</leader>
  <controlfield tag="001">36228</controlfield>
  <controlfield tag="003">BD-DhAAL</controlfield>
  <controlfield tag="005">20211130113422.0</controlfield>
  <controlfield tag="008">190924t1994    ilu      b    001 0 eng d</controlfield>
  <datafield tag="999" ind1=" " ind2=" ">
   <subfield code="c">41399</subfield>
   <subfield code="d">41399</subfield>
  </datafield>
  <datafield tag="010" ind1=" " ind2=" ">
   <subfield code="a">   95122055 </subfield>
  </datafield>
  <datafield tag="020" ind1=" " ind2=" ">
   <subfield code="a">0226601633</subfield>
  </datafield>
  <datafield tag="035" ind1=" " ind2=" ">
   <subfield code="a">(OCoLC)30420562</subfield>
  </datafield>
  <datafield tag="040" ind1=" " ind2=" ">
   <subfield code="a">NNF</subfield>
   <subfield code="c">NNF</subfield>
   <subfield code="d">WaU</subfield>
   <subfield code="d">PBfG</subfield>
   <subfield code="d">DLC</subfield>
   <subfield code="d">BD-DhAAL</subfield>
  </datafield>
  <datafield tag="042" ind1=" " ind2=" ">
   <subfield code="a">lccopycat</subfield>
  </datafield>
  <datafield tag="043" ind1=" " ind2=" ">
   <subfield code="a">n-us---</subfield>
  </datafield>
  <datafield tag="050" ind1="0" ind2="0">
   <subfield code="a">LB5.</subfield>
   <subfield code="b">N25 93rd, pt. 1</subfield>
  </datafield>
  <datafield tag="082" ind1=" " ind2=" ">
   <subfield code="a">370.78</subfield>
   <subfield code="2">20</subfield>
  </datafield>
  <datafield tag="245" ind1="0" ind2="0">
   <subfield code="a">Teacher research and educational reform :</subfield>
   <subfield code="b">ninety-third yearbook of the national society for the study of education,</subfield>
   <subfield code="n">Part-I /</subfield>
   <subfield code="c">edited by Sandra Hollingsworth and Hugh Sockett.</subfield>
  </datafield>
  <datafield tag="260" ind1=" " ind2=" ">
   <subfield code="a">Chicago :</subfield>
   <subfield code="b">NSSE :</subfield>
   <subfield code="b">Distributed by the University of Chicago Press,</subfield>
   <subfield code="c">c1994.</subfield>
  </datafield>
  <datafield tag="300" ind1=" " ind2=" ">
   <subfield code="a">viii, 280 pages ;</subfield>
   <subfield code="c">24 cm.</subfield>
  </datafield>
  <datafield tag="440" ind1=" " ind2="0">
   <subfield code="a">Yearbook of the National Society for the Study of Education,</subfield>
   <subfield code="x">0077-5762 ;</subfield>
   <subfield code="v">93rd, pt. 1</subfield>
   <subfield code="9">35206</subfield>
  </datafield>
  <datafield tag="504" ind1=" " ind2=" ">
   <subfield code="a">Includes bibliographical references and indexes.</subfield>
  </datafield>
  <datafield tag="505" ind1="0" ind2=" ">
   <subfield code="a">Positioning teacher research in educational reform : an introduction / Sandra Hollingsworth and Hugh Sockett -- Epistemological issues for teacher research. Inquiry, knowledge, and practice / Susan L. Lytle and Marilyn Cochran-Smith -- The case for inclusive dialogue in knowing, teaching, and learning about multicultural education / Olga Welch -- Personal renewal and social construction through teacher research / Kenneth M. Zeichner -- The socio-political context of teacher research. The promise of collaborative research in the political context / F. Michael Connelly and Jean Clandinin -- Teacher research to change policy : an illustration / J. Myron Atkin -- Rewriting &quot;gender equity&quot; in teacher research / Sandra Hollingsworth and Janet L. Miller --</subfield>
  </datafield>
  <datafield tag="505" ind1="8" ind2=" ">
   <subfield code="a">Prospects for the profession through teacher research. The power of teacher research in teacher education / Marilyn Cochran-Smith -- Curriculum research together : writing our work / Susan Noffke, Linda Mosher, and Christine Maricle -- Teacher inquiry as professional staff development / Virginia Richardson -- Problems and possibilities of institutionalizing teacher research / Ann Lieberman and Lynne Miller -- Conversations and critiques of teacher research and educational reform. Teachers' voices in the conversation about teacher research / Susan Threatt .. [et al.] -- The new teacher / Jonas F. Soltis -- Epilogue / Sandra Hollingsworth and Hugh Sockett.</subfield>
  </datafield>
  <datafield tag="526" ind1=" " ind2=" ">
   <subfield code="a">BIED</subfield>
  </datafield>
  <datafield tag="541" ind1=" " ind2=" ">
   <subfield code="a">Complimentary copy from BIED</subfield>
   <subfield code="e">36228</subfield>
  </datafield>
  <datafield tag="650" ind1=" " ind2="0">
   <subfield code="a">Education</subfield>
   <subfield code="x">Research</subfield>
   <subfield code="z">United States.</subfield>
   <subfield code="9">35207</subfield>
  </datafield>
  <datafield tag="650" ind1=" " ind2="0">
   <subfield code="a">Action research in education</subfield>
   <subfield code="z">United States.</subfield>
   <subfield code="9">35208</subfield>
  </datafield>
  <datafield tag="650" ind1=" " ind2="0">
   <subfield code="a">Educational change</subfield>
   <subfield code="z">United States.</subfield>
   <subfield code="9">35209</subfield>
  </datafield>
  <datafield tag="700" ind1="1" ind2=" ">
   <subfield code="a">Hollingsworth, Sandra.</subfield>
   <subfield code="9">35210</subfield>
  </datafield>
  <datafield tag="700" ind1="1" ind2=" ">
   <subfield code="a">Sockett, Hugh.</subfield>
   <subfield code="9">35211</subfield>
  </datafield>
  <datafield tag="852" ind1=" " ind2=" ">
   <subfield code="a">Ayesha Abed Library</subfield>
   <subfield code="c">BIED Collection</subfield>
  </datafield>
  <datafield tag="942" ind1=" " ind2=" ">
   <subfield code="2">ddc</subfield>
   <subfield code="c">BK</subfield>
  </datafield>
  <datafield tag="952" ind1=" " ind2=" ">
   <subfield code="0">0</subfield>
   <subfield code="1">0</subfield>
   <subfield code="2">ddc</subfield>
   <subfield code="4">0</subfield>
   <subfield code="6">370_780000000000000_TEA</subfield>
   <subfield code="7">0</subfield>
   <subfield code="9">66497</subfield>
   <subfield code="a">BRACUL</subfield>
   <subfield code="b">BRACUL</subfield>
   <subfield code="c">GEN</subfield>
   <subfield code="d">2019-09-24</subfield>
   <subfield code="e">Complimentary copy from BIED</subfield>
   <subfield code="l">0</subfield>
   <subfield code="o">370.78 TEA</subfield>
   <subfield code="p">3010036228</subfield>
   <subfield code="r">2019-09-24</subfield>
   <subfield code="t">1</subfield>
   <subfield code="w">2019-09-24</subfield>
   <subfield code="y">BK</subfield>
   <subfield code="x">Transferred from BIED to General Stacks</subfield>
  </datafield>
 </record>
</collection>
